000
00278nam a22001337a 4500
008
170621b xxu||||| |||| 00| 0 eng d
020
_a
00899083536
041
_a
eng
080
_a
94
100
_a
16
101
_a
SHH
245
_a
NUCLEAR WAR
_c
BENDER,D.L
942
_2
udc
_c
BK
999
_c
18513
_d
18513